| 000 | 00355nam a2200133 a 4500 | ||
|---|---|---|---|
| 005 | 20140414131929.0 | ||
| 008 | 101108s19uu xx 00 eng d | ||
| 050 |
_aM 597.96 _bK28 2007 |
||
| 245 |
_aWhy do snakes slither? : _bFirst questions and answers. |
||
| 260 |
_bMiles Kelly, _c2007. |
||
| 650 | _aReptiles | ||
| 650 | _aAmphibians | ||
| 999 |
_c112182 _d112182 |
||